000
00214nam a2200097Ia 4500
008
190216s9999||||xx |||||||||||||| ||und||
100
_a
Government Of India
245
0
_a
Third Year Plan
260
_b
Null
942
_c
BK
999
_c
9090
_d
9090